Le ventre de Paris / (Record no. 168215)

MARC details
000 -LEADER
campo de control de longitud fija 00930nam a22002415i 4500
001 - NÚMERO DE CONTROL
campo de control 168215
003 - IDENTIFICADOR DE NÚMERO DE CONTROL
campo de control ES-MaACL
005 - FECHA Y HORA DE LA ÚLTIMA TRANSACCIÓN
campo de control 20250717013110.0
008 - DATOS DE LONGITUD FIJA--INFORMACIÓN GENERAL
campo de control de longitud fija 051006s1888 fr | |||||||| ||fre d
040 ## - FUENTE DE CATALOGACIÓN
Centro catalogador/agencia de origen CAM
Lengua de catalogación spa
Centro/agencia transcriptor CAM
100 1# - ENTRADA PRINCIPAL--NOMBRE DE PERSONA
Nombre de persona Zola, Émile,
Fechas asociadas al nombre 1840-1902
9 (RLIN) 118331
245 13 - MENCIÓN DEL TÍTULO
Título Le ventre de Paris /
Mención de responsabilidad, etc. par Émile Zola.
260 ## - PUBLICACIÓN, DISTRIBUCIÓN, ETC.
Lugar de publicación, distribución, etc. Paris :
Nombre del editor, distribuidor, etc. G. Charpentier et Cie.,
Fecha de publicación, distribución, etc. 1888 (
Lugar de fabricación/manufactura Corbeil :
Fabricante Imprimerie Crété)
300 ## - DESCRIPCIÓN FÍSICA
Extensión 358 p. ;
Dimensiones 19 cm.
490 1# - MENCIÓN DE SERIE
Mención de serie Bibliothèque Charpentier
490 1# - MENCIÓN DE SERIE
Mención de serie Les Rougon-Macqaurt. Histoire naturelle et sociale d'une famille sous le Second Empire
500 ## - NOTA GENERAL
Nota general En port.: Trentième Mille.
752 ## - ENTRADA AGREGADA--NOMBRE JERÁRQUICO DEL LUGAR
País o entidad superior Francia -
Ciudad París
830 00 - PUNTO DE ACCESO ADICIONAL DE SERIE-TÍTULO UNIFORME
Título uniforme Bibliothèque Charpentier
9 (RLIN) 182245
830 0# - PUNTO DE ACCESO ADICIONAL DE SERIE-TÍTULO UNIFORME
Título uniforme Les Rougon-Macqaurt. Histoire naturelle et sociale d'une famille sous le Second Empire
9 (RLIN) 222702
852 ## - LOCALIZACIÓN
Ubicación ES-MaACL
Número de control de estantería B-3241
Nota libre -- Enc. pasta española
Holdings
Estatus retirado Estado de pérdida Estado de daño No para préstamo Colección Biblioteca de origen Biblioteca actual Ubicación en estantería Fecha de adquisición Fuente de adquisición Total de préstamos Signatura topográfica completa Código de barras Visto por última vez Precio de reemplazo Tipo de ítem Koha
        Libros del s. XIX Biblioteca del Ateneo de Madrid Biblioteca del Ateneo de Madrid Sala Pardo Bazán 17/01/2008     B-3241 1176501 23/02/2023 23/02/2023 Libro impreso antiguo